10550 2204741 4500001002100000005001500021035002000036007000300056008004100059020002200100082000800122084002000130100003300150245006000183260002600243990001300269990001300282990001300295990001300308990001300321990001300334990001300347990001300360990001300373990001300386990001300399990001300412990001300425990001300438990001300451990001300464990001300477990001300490990001300503990001300516990001300529990001300542990001300555990001300568990001300581990001300594990001300607990001300620990001300633990001300646990001300659990001300672990001300685990001300698990001300711990001300724990001300737990001300750990001300763990001300776990001300789990001300802990001300815990001300828990001300841990001300854990001300867990001300880990001300893990001300906990001300919990001300932990001300945990001300958990001300971990001300984990001300997990001301010990001301023990001301036990001301049990001301062990001301075990001301088990001301101990001301114990001301127990001301140990001301153990001301166990001301179990001301192990001301205990001301218990001301231990001301244990001301257990001301270990001301283990001301296990001301309990001301322990001301335990001301348990001301361990001301374990001301387990001301400990001301413990001301426990001301439990001301452990001301465990001301478990001301491990001301504990001301517990001301530990001301543990001301556990001301569990001301582990001301595990001301608990001301621990001301634990001301647990001301660990001301673990001301686990001301699990001301712990001301725990001301738990001301751990001301764990001301777990001301790990001301803990001301816990001301829990001301842990001301855990001301868990001301881990001301894990001301907990001301920990001301933990001301946990001301959990001301972990001301985990001301998990001302011990001302024990001302037990001302050990001302063990001302076990001302089990001302102990001302115990001302128990001302141990001302154990001302167990001302180990001302193990001302206990001302219990001302232990001302245990001302258990001302271990001302284990001302297990001302310990001302323990001302336990001302349990001302362990001302375990001302388990001302401990001302414990001302427990001302440990001302453990001302466990001302479990001302492990001302505990001302518990001302531990001302544990001302557990001302570990001302583990001302596990001302609990001302622990001302635990001302648990001302661990001302674990001302687990001302700990001302713990001302726990001302739990001602752990001602768990001602784990001602800990001602816990001602832990001602848990001602864990001602880990001602896990001602912990001602928990001602944990001602960990001602976990001602992990001603008990001603024990001603040990001603056990001603072990001603088990001603104990001603120990001603136990001603152990001603168990001603184990001603200990001603216990001603232990001603248990001603264990001603280990001603296990001603312990001603328990001603344990001603360990001603376990001603392990001603408990001603424990001603440990001603456990001603472990001603488990001603504990001603520990001603536990001603552990001603568990001603584990001603600990001603616990001603632990001603648990001603664990001603680990001603696990001603712990001603728990001603744990001603760990001603776990001603792990001603808990001603824990001603840990001603856990001603872990001603888990001603904990001603920990001603936990001603952990001603968990001603984990001604000990001604016990001604032990001604048990001604064990001604080990001604096990001604112990001604128990001604144990001604160990001604176990001604192990001604208990001604224990001604240990001604256990001604272990001604288990001604304990001604320990001604336990001604352990001604368990001604384990001604400990001604416990001604432990001604448990001604464990001604480990001604496990001604512990001604528990001604544990001604560990001604576990001604592990001604608990001604624990001604640990001604656990001604672990001604688990001604704990001604720990001604736990001604752990001604768990001604784990001604800990001604816990001604832990001604848990001604864990001604880990001604896990001604912990001604928990001604944990001604960990001604976990001604992990001605008990001605024990001605040990001605056990001605072990001605088990001605104990001605120990001605136990001605152990001605168990001605184990001605200990001605216990001605232990001605248990001605264990001605280990001605296990001605312990001605328990001605344990001605360990001605376990001605392990001605408990001605424990001605440990001605456990001605472990001605488990001605504990001605520990001605536990001605552990001605568990001605584990001605600990001605616990001605632990001605648990001605664990001605680990001605696990001605712990001605728990001605744990001605760990001605776990001605792INLIS00000000000001520210406110937 a0010-0421000015ta210406 g 0 ind  a978-602-8735-29-2 a2x3 a2x3 SAP a c.1910 aKemenag RI (Tohirin Saputra)1 aAkidah Akhlak untuk Madrasah Aliyah (Reguler) Kelas XII aJakarta :bKemenag RI a07000700 a07000700 a07000700 a07000700 a07000700 a07000700 a07000700 a07000700 a07000700 a07000700 a07000700 a07000700 a07000700 a07000700 a07000700 a07000700 a07000700 a07000700 a07000700 a07000700 a07000700 a07000700 a07000700 a07000700 a07000700 a07000700 a07000700 a07000700 a07000700 a07000700 a07000700 a07000700 a07000700 a07000700 a07000700 a07000700 a07000700 a07000700 a07000700 a07000700 a07000700 a07000700 a07000700 a07000700 a07000700 a07000700 a07000700 a07000700 a07000700 a07000700 a07000700 a07000700 a07000700 a07000700 a07000700 a07000700 a07000700 a07000700 a07000700 a07000700 a07000700 a07000700 a07000700 a07000700 a07000700 a07000700 a07000700 a07000700 a07000700 a07000700 a07000700 a07000700 a07000700 a07000700 a07000700 a07000700 a07000700 a07000700 a07000700 a07000700 a07000700 a07000700 a07000700 a07000700 a07000700 a07000700 a07000700 a07000700 a07000700 a07000700 a07000700 a07000700 a07000700 a07000700 a07000700 a07000700 a07000700 a07000700 a07000700 a07000700 a07000700 a07000700 a07000700 a07000700 a07000700 a07000700 a07000700 a07000700 a07000700 a07000700 a07000700 a07000700 a07000700 a07000700 a07000700 a07000700 a07000700 a07000700 a07000700 a07000700 a07000700 a07000700 a07000700 a07000700 a07000700 a07000700 a07000700 a07000700 a07000700 a07000700 a07000700 a07000700 a07000700 a07000700 a07000700 a07000700 a07000700 a07000700 a07000700 a07000700 a07000700 a07000700 a07000700 a07000700 a07000700 a07000700 a07000700 a07000700 a07000700 a07000700 a07000700 a07000700 a07000700 a07000700 a07000700 a07000700 a07000700 a07000700 a07000700 a07000700 a07000700 a07000700 a07000700 a07000700 a07000700 a07000700 a07000700 a07000700 a07000700 a07000700 a07000700 a07000700 a07000700 a07000700 a07000700 a07000700 a07000700 a07000700 a07000700 a07000700 a07000700 a07000700 a07000700 a07000700 a07000700 a07000700 a07000700 a07000700 a07000700 a07000700 a07000700 a2013/h/0231 a2013/h/0232 a2013/h/0233 a2013/h/0234 a2013/h/0235 a2013/h/0236 a2013/h/0237 a2013/h/0238 a2013/h/0239 a2013/h/0240 a2013/h/0241 a2013/h/0242 a2013/h/0243 a2013/h/0244 a2013/h/0245 a2013/h/0246 a2013/h/0247 a2013/h/0248 a2013/h/0249 a2013/h/0250 a2013/h/0251 a2013/h/0252 a2013/h/0253 a2013/h/0254 a2013/h/0255 a2013/h/0256 a2013/h/0257 a2013/h/0258 a2013/h/0259 a2013/h/0260 a2013/h/0261 a2013/h/0262 a2013/h/0263 a2013/h/0264 a2013/h/0265 a2013/h/0266 a2013/h/0267 a2013/h/0268 a2013/h/0269 a2013/h/0270 a2013/h/0271 a2013/h/0272 a2013/h/0273 a2013/h/0274 a2013/h/0275 a2013/h/0276 a2013/h/0277 a2013/h/0278 a2013/h/0279 a2013/h/0280 a2013/h/0281 a2013/h/0282 a2013/h/0283 a2013/h/0284 a2013/h/0285 a2013/h/0286 a2013/h/0287 a2013/h/0288 a2013/h/0289 a2013/h/0290 a2013/h/0291 a2013/h/0292 a2013/h/0293 a2013/h/0294 a2013/h/0295 a2013/h/0296 a2013/h/0297 a2013/h/0298 a2013/h/0299 a2013/h/0300 a2013/h/0301 a2013/h/0302 a2013/h/0303 a2013/h/0304 a2013/h/0305 a2013/h/0306 a2013/h/0307 a2013/h/0308 a2013/h/0309 a2013/h/0310 a2013/h/0311 a2013/h/0312 a2013/h/0313 a2013/h/0314 a2013/h/0315 a2013/h/0316 a2013/h/0317 a2013/h/0318 a2013/h/0319 a2013/h/0320 a2013/h/0321 a2013/h/0322 a2013/h/0323 a2013/h/0324 a2013/h/0325 a2013/h/0326 a2013/h/0327 a2013/h/0328 a2013/h/0329 a2013/h/0330 a2013/h/0331 a2013/h/0332 a2013/h/0333 a2013/h/0334 a2013/h/0335 a2013/h/0336 a2013/h/0337 a2013/h/0338 a2013/h/0339 a2013/h/0340 a2013/h/0341 a2013/h/0342 a2013/h/0343 a2013/h/0344 a2013/h/0345 a2013/h/0346 a2013/h/0347 a2013/h/0348 a2013/h/0349 a2013/h/0350 a2013/h/0351 a2013/h/0352 a2013/h/0353 a2013/h/0354 a2013/h/0355 a2013/h/0356 a2013/h/0357 a2013/h/0358 a2013/h/0359 a2013/h/0360 a2013/h/0361 a2013/h/0362 a2013/h/0363 a2013/h/0364 a2013/h/0365 a2013/h/0366 a2013/h/0367 a2013/h/0368 a2013/h/0369 a2013/h/0370 a2013/h/0371 a2013/h/0372 a2013/h/0373 a2013/h/0374 a2013/h/0375 a2013/h/0376 a2013/h/0377 a2013/h/0378 a2013/h/0379 a2013/h/0380 a2013/h/0381 a2013/h/0382 a2013/h/0383 a2013/h/0384 a2013/h/0385 a2013/h/0386 a2013/h/0387 a2013/h/0388 a2013/h/0389 a2013/h/0390 a2013/h/0391 a2013/h/0392 a2013/h/0393 a2013/h/0394 a2013/h/0395 a2013/h/0396 a2013/h/0397 a2013/h/0398 a2013/h/0399 a2013/h/0400 a2013/h/0401 a2013/h/0402 a2013/h/0403 a2013/h/0404 a2013/h/0405 a2013/h/0406 a2013/h/0407 a2013/h/0408 a2013/h/0409 a2013/h/0410 a2013/h/0411 a2013/h/0412 a2013/h/0413 a2013/h/0414 a2013/h/0415 a2013/h/0416 a2013/h/0417 a2013/h/0418 a2013/h/0419 a2013/h/0420 a2013/h/0421